000 00324 a2200133 4500
001 154130
040 _cEscola São Tomás de Aquino
100 _aFERREIRA, Auréilo Buarque de Holanda
240 1 0 _aMini Aurélio
_lpor
245 1 0 _aMini Aurélio
362 0 _a2010
697 _aDicionário de português
942 _cMATP
999 _c154130
_d154130